Normal view MARC view

Entry Personal Name

Number of records used in: 1

001 - CONTROL NUMBER

  • control field: 9442

003 - CONTROL NUMBER IDENTIFIER

  • control field: DLC

005 - DATE AND TIME OF LATEST TRANSACTION

  • control field: 20230907140250.0

008 - FIXED-LENGTH DATA ELEMENTS

  • fixed length control field: 180620n| azannaabn |n aaa

010 ## - LIBRARY OF CONGRESS CONTROL NUMBER

  • LC control number: nb2018011720

035 ## - SYSTEM CONTROL NUMBER

  • System control number: (Uk)010245380

040 ## - CATALOGING SOURCE

  • Original cataloging agency: Uk
  • Language of cataloging: eng
  • Description conventions: rda
  • Transcribing agency: Uk

046 ## - SPECIAL CODED DATES

  • Start period: 20

100 1# - HEADING--PERSONAL NAME

  • Personal name: Ali, Sk. Sagir

370 ## - ASSOCIATED PLACE

  • Place of residence/headquarters: West Bengal (India)
  • Source of term: naf

372 ## - FIELD OF ACTIVITY

  • Field of activity: English literature
  • Source of term: lcsh

373 ## - ASSOCIATED GROUP

  • Associated group: Midnapore College

377 ## - ASSOCIATED LANGUAGE

  • Language code: eng

670 ## - SOURCE DATA FOUND

  • Source citation: Literary theory, [2018]:
  • Information found: t.p. (Sk. Sagir Ali) jacket (Assistant professor and Head of Department of English at Midnapore College, West Bengal)

Powered by Koha